| 000 -LEADER |
| fixed length control field |
00584cam a2200193Ia 4500 |
| 020 ## - INTERNATIONAL STANDARD BOOK NUMBER |
| ISBN |
9251038783 (vol. 1) |
| 020 ## - INTERNATIONAL STANDARD BOOK NUMBER |
| ISBN |
9251038791 (vol. 2) |
| 020 ## - INTERNATIONAL STANDARD BOOK NUMBER |
| ISBN |
9251038805 (vol. 3) |
| 040 ## - CATALOGING SOURCE |
| Transcribing agency |
BID |
| 082 ## - DEWEY DECIMAL CLASSIFICATION NUMBER |
| Classification number |
363 FOO 1996 A027 Or. |
| 245 00 - TITLE STATEMENT |
| Title |
Technical background documents / |
| 246 1# - VARYING FORM OF TITLE |
| Title proper/short title |
World food summit |
| 260 ## - PUBLICATION, DISTRIBUTION, ETC. (IMPRINT) |
| Place of publication |
Rome, Italy : |
| Name of publisher |
Food and Agriculture Organization of the United Nations, |
| Year of publication |
c1996 |
| 300 ## - PHYSICAL DESCRIPTION |
| Number of Pages |
3 v. : |
| Other physical details |
ill. ; |
| Dimensions |
30 cm |
| 650 #0 - SUBJECT ADDED ENTRY--TOPICAL TERM |
| Topical Term |
Food supply |
| 650 #0 - SUBJECT ADDED ENTRY--TOPICAL TERM |
| Topical Term |
Food relief |
| 710 2# - ADDED ENTRY--CORPORATE NAME |
| Corporate name or jurisdiction name as entry element |
Food and Agriculture Organization of the United Nations |
| 942 ## - ADDED ENTRY ELEMENTS (KOHA) |
| Koha item type |
សៀវភៅភាសាអង់គ្លេស |
| 952 ## - LOCATION AND ITEM INFORMATION (KOHA) |
| Withdrawn status [LOCAL, KOHA] |
0 |